Film che iniziano per B - Statistics

Statistiche generali
  • Questo quiz è stato fatto 223 volte
    190 dall'ultimo reset
  • Il punteggio medio è 10 su 20
Statistiche sulle risposte
Descrizione Film % Corretto
Un cerbiatto, orfano di madre, cresce cercando di dimostrare il suo coraggio al padre. Bambi
95%
Nell'oscura e misteriosa città di Gotham, un eroico miliardario combatte il male. In particolare un malvagissimo gangster. Batman
95%
Una giovane fanciulla, per sfuggire dalla furia assassina di una malvagia regina, si rifugia in una casetta con sette piccoli minatori. Biancaneve
94%
L'ascesa della band capitanata dal leggendario Freddie Mercury attraverso le loro iconiche canzoni e i loro suoni rivoluzionari. Bohemian Rhapsody
80%
Nel mondo delle bambole la vita scorre all'insegna della perfezione fino a che due di loro viaggiano nel mondo degli umani. Barbie
75%
Un undicenne che vive nella contea di Durham, in Inghilterra, ama ballare, il padre lo iscrive però a pugilato. Billy Elliot
69%
Re T'Challa ritorna a casa nella tecnologicamente avanzata nazione africana di Wakanda per servire il suo Paese come nuovo leader. Black Panther
62%
Un gruppo di soldati americani ebrei, viene inviato nella Francia occupata dai nazisti, con il preciso compito di assassinare brutalmente qualsiasi nazista incontri il suo cammino. Bastardi Senza Gloria
58%
Un celebre attore, dopo un passato di gloria per aver interpretato un supereroe a metà tra un uomo e un volatile, è caduto in disgrazia. Birdman
52%
Un poliziotto dà la caccia ad un gruppo di Replicanti evasi e scappati in una distopica Los Angeles del 2019. Blade Runner
42%
Nel tardo tredicesimo secolo William Wallace tiene testa agli oppressori inglesi guidando la sua patria attraverso la lunga e sanguinosa guerra di liberazione. Braveheart - Cuore Impavido
42%
Un nobile giudeo e un centurione, un tempo amici, si scontrano in una spettacolare corsa di bighe. Ben-Hur
41%
Cinque adolescenti sono costretti a passare il sabato in punizione nella biblioteca della loro scuola. Breakfast Club
41%
Un uomo, dopo essere scampato alla morte, viene trasferito in Kansas. Lì conosce da vicino le popolazioni native americane, finendo per perorare la loro causa. Balla Coi Lupi
39%
Un detective mentre indaga su un brutale omicidio, rimane invaghito della principale sospettata: un'enigmatica e seducente scrittrice. Basic Instinct
36%
Un tredicenne esprime il desiderio di diventare grande. Il giorno dopo si sveglia nel corpo di un venticinquenne. Per il resto però è rimasto il ragazzino di prima. Big
24%
Hollywood va incontro al più grande dei cambiamenti: il passaggio dal muto al sonoro. Molti artisti vedono la loro carriera stroncata mentre altri riescono a resistere al cambiamento. Babylon
23%
Pasquale, Furio e Mimmo, in occasione delle elezioni comunali, tornano nelle loro città natali e rivivono emozioni e ricordi d'infanzia. Bianco Rosso e Verdone
19%
Una gang si impossessa di una partita di eroina sequestrata dalla polizia. Due agenti, Burnett e Lowrey, vengono incaricati di indagare. Bad Boys
16%
Una donna, dopo aver visto la propria vita distrutta, lascia la vita mondana e si trasferisce nel modesto appartamento della sorella Ginger per dare un nuovo senso alla propria vita. Blue Jasmine
4%
Nessun quiz corrispondente trovato
Distribuzione punteggi
Percentuale di utenti per punteggio
Percentile per numero di risposta
I tuoi punteggi nel tempo
Non hai fatto questo quiz dall'ultimo reset